MARC details
| 000 -LEADER |
| fixed length control field |
02387cam a2200493 4500 |
| 001 - CONTROL NUMBER |
| control field |
29933 |
| 003 - CONTROL NUMBER IDENTIFIER |
| rucl marc code |
BD-RjUL |
| 005 - DATE AND TIME OF LATEST TRANSACTION |
| control field |
20211209051502.0 |
| 008 - FIXED-LENGTH DATA ELEMENTS--GENERAL INFORMATION |
| fixed length control field |
140708s1960 nbuar 1 1 a0eng d |
| 030 ## - CODEN DESIGNATION |
| CODEN |
NSMPB3 |
| 035 ## - SYSTEM CONTROL NUMBER |
| System control number |
BD-RjUL)30018 |
| 040 ## - CATALOGING SOURCE |
| Original cataloging agency |
NSDP |
| Language of cataloging |
eng |
| Transcribing agency |
NSDP |
| Modifying agency |
DLC |
| -- |
NSDP |
| -- |
MH |
| -- |
DLC |
| -- |
TxU |
| -- |
OCoLC |
| -- |
AIP |
| -- |
NSDP |
| -- |
AIP |
| -- |
InU |
| -- |
DLC |
| -- |
MH |
| -- |
NST |
| -- |
MH |
| -- |
MiU |
| -- |
InU |
| -- |
MH |
| -- |
OCoLC |
| -- |
DNLM |
| -- |
InU |
| -- |
OCoLC |
| -- |
DLC |
| -- |
NLGGC |
| -- |
InU |
| -- |
CaQQL |
| -- |
CU-S |
| -- |
OCoLC |
| -- |
HEBIS |
| -- |
DE-MnBSB |
| -- |
GBVCP |
| -- |
WaU |
| -- |
UKMGB |
| -- |
OCoLC |
| -- |
NbSeT |
| -- |
BD-RjUL |
| 041 ## - LANGUAGE CODE |
| Language code of text/sound track or separate title |
eng |
| 060 00 - NATIONAL LIBRARY OF MEDICINE CALL NUMBER |
| Classification number |
W3 |
| Item number |
NE16 |
| 082 04 - DEWEY DECIMAL CLASSIFICATION NUMBER |
| Classification number |
159.4082 |
| Author mark and year |
NEB V-8 1960 |
| 111 2# - MAIN ENTRY--MEETING NAME |
| Meeting name or jurisdiction name as entry element |
Nebraska Symposium on Motivation. |
| 9 (RLIN) |
103127 |
| 245 10 - TITLE STATEMENT |
| Title |
Nebraska Symposium on Motivation / |
| Statement of responsibility, etc. |
Ed. Marshall R. Jones |
| Number of part/section of a work |
Volume VIII |
| 246 13 - VARYING FORM OF TITLE |
| Title proper/short title |
Current theory and research in motivation |
| 260 ## - PUBLICATION, DISTRIBUTION, ETC. (IMPRINT) |
| Place of publication, distribution, etc. |
[Lincoln, Neb.] |
| Name of publisher, distributor, etc. |
University of Nebraska Press. |
|
| Place of publication, distribution, etc. |
Lincoln : |
| Name of publisher, distributor, etc. |
University of Nebraska Pres, |
| Date of publication, distribution, etc. |
1960. |
| 300 ## - PHYSICAL DESCRIPTION |
| Pagination |
268 p. : |
| Illustrations |
ill. |
| Size |
23 cm. |
| 490 #0 - SERIES STATEMENT |
| Series statement |
The Series in Current Theoty and Research in Motivation |
| 500 ## - GENERAL NOTE |
| General note |
Some issues have also a distinctive title. |
| 550 ## - ISSUING BODY NOTE |
| Issuing body note |
Symposia for 1954- sponsored by the Dept. of Psychology of the University of Nebraska. |
| 650 #0 - SUBJECT ADDED ENTRY--TOPICAL TERM |
| Topical term or geographic name as entry element |
Motivation (Psychology) |
| Form subdivision |
Congresses. |
| 9 (RLIN) |
91073 |
|
| Topical term or geographic name as entry element |
Motivation |
| Form subdivision |
Congresses. |
| 9 (RLIN) |
91074 |
|
| Topical term or geographic name as entry element |
Motivation (Psychologie) |
| Form subdivision |
Congrès. |
| 9 (RLIN) |
91075 |
|
| Topical term or geographic name as entry element |
Motivatie. |
| Source of heading or term |
gtt |
| 9 (RLIN) |
91076 |
|
| Topical term or geographic name as entry element |
Motivation. |
| Source of heading or term |
swd |
| 9 (RLIN) |
91077 |
|
| Topical term or geographic name as entry element |
Aufsatzsammlung. |
| Source of heading or term |
swd |
| 9 (RLIN) |
21460 |
| 700 1# - ADDED ENTRY--PERSONAL NAME |
| Personal name |
Jones Marshall R. |
| 710 2# - ADDED ENTRY--CORPORATE NAME |
| Corporate name or jurisdiction name as entry element |
University of Nebraska (Lincoln campus). |
| Subordinate unit |
Department of Psychology. |
| 9 (RLIN) |
91079 |
| 776 08 - ADDITIONAL PHYSICAL FORM ENTRY |
| Relationship information |
Online version: Nebraska Symposium on Motivation. |
| Title |
Nebraska Symposium on Motivation |
| International Standard Serial Number |
0146-7875 |
| Record control number |
(DLC) 53011655 |
| -- |
(OCoLC)58648997 |
|
| Relationship information |
Online version: |
| Main entry heading |
Nebraska Symposium on Motivation. |
| Title |
Nebraska Symposium on Motivation |
| Record control number |
(OCoLC)604156538 |
| 780 00 - PRECEDING ENTRY |
| Main entry heading |
Current Theory and Research in Motivation (Symposium). |
| Title |
Current theory and research in motivation, a symposium |
| International Standard Serial Number |
0070-2099 |
| Record control number |
(DLC)sf 82004059 |
| -- |
(OCoLC)2260043 |
| 936 ## - OCLC/CONSER MISCELLANEOUS DATA (OCLC); PIECE USED FOR CATALOGING (pre-AACR2) (RLIN) |
| OCLC control number(s) of parallel record(s) (OCLC); Piece used for cataloging, PUC (RLIN) |
2003 |
| -- |
1954 |
| 942 ## - ADDED ENTRY ELEMENTS (KOHA) |
| Source of classification or shelving scheme |
Dewey Decimal Classification |
| Koha item type |
Books |